Wyclif and the Oxford schools; the relation of the "Summa de ente" to scholastic debates at Oxford in the later fourteenth century.
Saved in:
| Main Author: | |
|---|---|
| Format: | Book |
| Language: | English |
| Published: |
Cambridge,
University Press,
1961.
|
| Series: | Cambridge studies in medieval life and thought ;
new ser., 8. |
| Subjects: | |
| Tags: |
Add Tag
No Tags, Be the first to tag this record!
|
| LEADER | 01237nam a2200289I 4500 | ||
|---|---|---|---|
| 001 | 002239677-2 | ||
| 005 | 20020606093309.7 | ||
| 008 | 751021s1961 enk b 00000 engm | ||
| 010 | |a 61016171 | ||
| 035 | 0 | |a ocm01722362 | |
| 040 | |a DLC |c IVD |d m.c. |d BHA | ||
| 050 | 0 | |a BD300.W93 |b R6 | |
| 082 | |a 149.73 | ||
| 100 | 1 | |a Robson, John Adam, |d 1930- | |
| 245 | 0 | 0 | |a Wyclif and the Oxford schools; |b the relation of the "Summa de ente" to scholastic debates at Oxford in the later fourteenth century. |
| 260 | 0 | |a Cambridge, |b University Press, |c 1961. | |
| 300 | |a xiii, 268 p. |c 23 cm. | ||
| 490 | 1 | |a Cambridge studies in medieval life and thought ; |v new ser., 8 | |
| 504 | |a Bibliography: p. 253-262. | ||
| 600 | 1 | 0 | |a Wycliffe, John, |d -1384. |t Summa de ente. |
| 610 | 2 | 0 | |a University of Oxford |x History. |
| 650 | 0 | |a Scholasticism. | |
| 776 | 0 | 8 | |i Online version: |a Robson, J.A. (John Adam), 1930- |t Wyclif and the Oxford schools. |d Cambridge, University Press, 1961 |w (OCoLC)592451111 |
| 776 | 0 | 8 | |i Online version: |a Robson, J.A. (John Adam), 1930- |t Wyclif and the Oxford schools. |d Cambridge, University Press, 1961 |w (OCoLC)614376397 |
| 830 | 0 | |a Cambridge studies in medieval life and thought ; |v new ser., 8. | |
| 988 | |a 20020608 | ||
| 906 | |0 DLC | ||


